[Event "41st Eastman Open Ghent"]
[Site "Ghent"]
[Date "2018.07.17"]
[Round "8"]
[White "Van Mechelen, Jan"]
[Black "Becx, Cesar"]
[Result "1-0"]
[WhiteElo "2257"]
[BlackElo "2107"]
[Annotator "TA"]
[PlyCount "127"]
[EventDate "2018.07.15"]
[EventCountry "BEL"]
[SourceTitle "playchess.com"]
[Source "ChessBase"]
[SourceQuality "1"]

{[%evp 10,127,40,27,25,7,0,0,0,0,0,-5,160,164,170,161,200,193,183,180,175,158,286,214,199,194,204,180,401,407,402,282,278,265,255,221,221,218,443,446,438,438,412,418,404,209,192,196,195,182,216,216,216,214,216,216,216,216,216,216,216,216,216,216,216,216,214,202,202,177,237,233,212,211,299,279,339,259,341,338,319,315,277,215,197,197,400,400,400,400,400,400,505,505,495,495,480,480,29981,29982,29982,29983,29983,29984,29984,29985,29985,29984,29984,29985,29983,29985,29985,29986,29989,29985,29985,29986,29987,29988]} 1. d4 f5 2. e3 Nf6 3. c4 d6 4. Nc3 g6 (4... e5 5. dxe5 dxe5 6. Qxd8+ Kxd8 7. Nf3 e4 8. Nd4 c5 9. Nde2 Nc6 10. b3 Ne5 11. Nf4 g5 12. Nfd5 {0-1 (48) Chomczyk,M (2209)-Lewtak,D (2370) Zgierz 2018}) 5. Be2 Bg7 6. h4 {LiveBook: 3 Partien. A85: Holländische Verteidigung} h6 7. Nh3 e5 $1 8. dxe5 {Die Stellung ist ausgeglichen.} dxe5 9. Qxd8+ Kxd8 10. b3 g5 $146 (10... Be6 $11) ({Vorgänger:} 10... c6 11. Ba3 Bf8 12. O-O-O+ Kc7 {½-½ (23) Kivipelto,K (2150)-Kivijarvi,J (2197) Finland 2017}) 11. hxg5 $16 hxg5 12. Ba3 Bd7 {Schwarz will ...g4 spielen.} 13. O-O-O g4 14. Ng5 Rxh1 15. Rxh1 Ke8 (15... Nc6 $16 16. Nh7 Ng8) 16. f3 gxf3 17. gxf3 Na6 18. Nd5 Nxd5 $2 (18... c6 {ist eine bessere Verteidigung.}) 19. cxd5 $18 c5 20. dxc6 Rc8 21. Rh7 Rxc6+ 22. Kd2 Bf6 23. Nf7 {Und weiter mit Sd6+ wäre nett.} e4 $2 (23... Rb6 24. Nd6+ Kd8) 24. Nd6+ Kd8 25. Nxb7+ Kc8 26. Nd6+ Kd8 27. f4 (27. Bc4 $142) 27... Bc3+ 28. Kd1 Nb4 29. Nf7+ $1 Kc7 30. Bb5 $1 Rc5 31. Bc4 $1 a5 32. Ne5 $1 {[%cal Re5d7]} Bxe5 33. fxe5 Rxe5 34. Bb2 Re8 35. Bf7 $1 {[%cal Rf7e8]} Rd8 {[#]} 36. Bf6 $1 Rf8 {[#]} 37. Be7 $1 {[%cal Re7f8]} Rxf7 38. Rxf7 {Droht stark Lxb4.} Nxa2 {[%mdl 4096] Endspiel KTL-KLS} 39. Rf8 {Und Ld8+ würde nun gewinnen.} Nb4 (39... a4 $142 40. Kc2 axb3+ 41. Kb2 (41. Kxb3 Nc1+ 42. Kc2 Nd3 $18) 41... Kc6) 40. Bd8+ Kc6 41. Bxa5 Nd3 (41... Nd5 {war einen Versuch wert.} 42. Kd2 Kd6) 42. Kd2 Kb5 43. Bc3 Kb6 44. Bd4+ Kc6 45. Kc3 Nc1 46. Kb4 Be6 47. Rb8 f4 $2 (47... Nxb3 {ist wohl besser.} 48. Rb6+ Kd7) 48. exf4 Nd3+ 49. Ka5 Nxf4 50. b4 Kd5 51. Rd8+ Kc4 52. b5 Nd5 53. b6 Nb4 (53... Nxb6 $18 54. Kxb6 Kd3) 54. b7 {Weiß setzt Matt.} Nc6+ 55. Kb6 Nxd8 56. b8=Q Kxd4 57. Qxd8+ Bd5 58. Qd6 e3 59. Qc5+ Ke4 60. Qb4+ Kf3 61. Kc5 Be4 62. Qe1 e2 63. Kd4 Bc2 64. Qc3+ {Precision: Weiß = 74%, Schwarz = 46%.} 1-0

[Event "41st Eastman Open Ghent"]
[Site "Ghent"]
[Date "2018.07.17"]
[Round "8"]
[White "Hunhdorf, Arnold"]
[Black "Boog, Ben"]
[Result "1-0"]
[WhiteElo "2234"]
[BlackElo "2130"]
[Annotator "TA"]
[PlyCount "123"]
[EventDate "2018.07.15"]
[EventCountry "BEL"]
[SourceTitle "playchess.com"]
[Source "ChessBase"]
[SourceQuality "1"]

{[%evp 14,123,33,0,57,60,78,78,106,100,122,124,130,129,131,129,144,144,147,154,150,139,146,137,151,133,156,109,161,163,166,154,166,102,107,103,113,112,97,100,103,99,108,89,128,137,137,106,109,114,113,113,106,100,100,85,85,85,85,92,100,100,100,55,189,189,190,190,737,181,170,137,137,139,205,160,174,147,243,254,283,186,547,541,812,803,655,602,578,545,656,627,713,528,489,459,1339,1088,5789,5489,29984,29985,29985,29986,29986,29987,29989,29990,29990,29990,29990,29991]} 1. d4 f5 2. g3 e6 3. Bg2 Nf6 4. Nf3 d5 5. c4 c6 6. O-O Bd6 7. Qc2 O-O 8. Ne5 {LiveBook: 44 Games} Bxe5 {A90: Dutch Defence: Miscellaneous and Modern Stonewall (with ...Bd6)} (8... c5 $11) (8... Nbd7 9. Nd3 Qe7 10. Bf4 Bxf4 11. Nxf4 Nb6 12. b3 e5 13. dxe5 Qxe5 14. Nd2 Qe7 15. Nf3 dxc4 16. bxc4 {1-0 (27) Khenkin,I (2624)-Zatonskih,A (2508) Germany 2012}) 9. dxe5 $14 Ng4 10. f4 $1 Qb6+ {[#]White is better.} 11. c5 $1 {[%cal Rc5b6]} Qb4 $146 ({Predecessor:} 11... Qc7 12. h3 Nh6 13. Be3 Na6 14. Rc1 Qe7 15. Nd2 Bd7 16. Nb3 {½-½ (48) Krutti,V (2359)-Ezsol,M (2362) Hungary 2011}) 12. Rd1 Nd7 13. h3 Nh6 14. Be3 Qa5 15. Nd2 {[%cal Bb1d2,Bd2f3,Bf3d4][%mdl 32]} Qd8 16. Nf3 Nf7 17. Nd4 Qe7 18. b4 a6 19. Rac1 g5 20. Bf2 Kh8 (20... gxf4 $16 21. gxf4 Kh8) 21. a4 $18 Rg8 22. Kh2 Nf8 23. b5 (23. e3 $18) 23... axb5 $16 24. axb5 Bd7 25. bxc6 Bxc6 26. Ra1 Ng6 27. e3 Rgc8 28. Be1 Qd7 29. Qb2 Kg8 30. Rxa8 Rxa8 31. Ra1 Rxa1 32. Qxa1 Qc8 33. Qa7 h5 34. Bf3 g4 35. Be2 Ne7 36. Qb6 Qd7 37. Ba5 Nc8 38. Qc7 Kf8 (38... Qxc7 $1 $14 39. Bxc7 Bd7) 39. Qb8 $18 {aiming for hxg4.} Ke7 40. Bc7 Kf8 $2 (40... Nd8 41. Bd1 Ke8) 41. Bd6+ $2 (41. hxg4 Nh6 42. gxh5) 41... Kg7 42. Bd3 {Bxf5! is the strong threat.} Nh6 43. h4 Kf7 (43... Kg6 $16 44. Qa8 Kg7) 44. Kg1 {[%cal Bh2g1,Bg1f2,Bf2e1,Be1d2,Bd2c3,Bc3b4,Bb4a5][%mdl 32]} Kg6 45. Kf2 Kf7 (45... Ng8 $16 {keeps fighting.} 46. Bf8 Kh7) 46. Ke1 Ba4 47. Kd2 Bc6 $2 (47... Kg7 {is more resistant.} 48. Bc7 Bc6) 48. Kc3 Ba4 49. Kb4 Bc6 50. Ka5 Qd8+ {[#]} 51. Bc7 $1 {[%cal Rc7d8]} Qd7 52. Bb5 Ng8 {intending ...Bxb5.} 53. Bd6 Bxb5 54. Nxb5 Nge7 (54... Qc6 $142 55. Kb4 Qd7) 55. Bxe7 $1 Kxe7 56. Nd6 Nxd6 57. exd6+ {KQ-KQ. White mates.} Kf7 58. Qc7 Ke8 59. Kb6 Qc6+ 60. Qxc6+ bxc6 61. Kxc6 d4 62. exd4 {Precision: White = 61%, Black = 42%.} 1-0

[Event "41st Eastman Open Ghent"]
[Site "Ghent"]
[Date "2018.07.17"]
[Round "8"]
[White "Kett, Tim"]
[Black "Moradiabadi, Elshan"]
[Result "0-1"]
[WhiteElo "2231"]
[BlackElo "2538"]
[Annotator "TA"]
[PlyCount "112"]
[EventDate "2018.07.15"]
[EventCountry "BEL"]
[SourceTitle "playchess.com"]
[Source "ChessBase"]
[SourceQuality "1"]

{[%evp 22,112,0,0,0,0,28,32,32,34,59,9,8,0,0,-11,0,-17,-3,-29,-30,-31,-37,-28,-5,-20,-21,-25,-34,-27,0,0,3,4,2,0,0,0,0,0,0,0,10,-35,-35,-39,-39,-38,-34,-35,-31,-34,0,-35,-35,-38,-43,-38,-31,-53,-21,-24,-22,-28,-28,-31,-27,-32,-28,-50,-41,-71,-71,-164,-70,-120,32,-140,-132,-134,-102,-163,-156,-158,-159,-153,-153,-287,-277,-359,-345,-1035,-912]} 1. e4 c6 2. d4 d5 3. exd5 cxd5 4. c4 Nf6 5. Nc3 g6 6. cxd5 Nxd5 7. Qb3 Nb6 8. Bb5+ Bd7 9. Nf3 Bg7 10. O-O O-O {B14: Caro-Kann: Panov-Botvinnik Attack with 5...e6 and 5...g6} 11. Bg5 Bxb5 12. Qxb5 {LiveBook: 4 Games} Nc6 {The position is equal.} 13. Rad1 {[#]} Qd6 $146 ({Predecessor:} 13... Qc7 14. d5 {1-0 (38) Brkic,A (2578)-Zelcic,R (2558) Opatija 2012}) 14. d5 Ne5 15. Nxe5 Qxe5 16. Bh4 {With the idea Rfe1.} Rfe8 17. Bg3 Qf5 18. a4 {[%cal Ba2a4,Ba4a5][%mdl 32]} Bxc3 19. bxc3 Qd7 20. Qxd7 Nxd7 21. Rb1 b6 $1 22. a5 Rec8 23. Rfe1 Kf8 24. Re3 Rc5 25. Rbe1 Rxd5 26. axb6 axb6 27. Rxe7 Rc8 28. R7e3 h5 29. h4 Nc5 30. Rb1 Rc6 31. Be5 Ne6 32. c4 Rxc4 33. Rxb6 Rd1+ 34. Kh2 Rxh4+ 35. Kg3 Rg4+ 36. Kh2 $1 Rh4+ 37. Kg3 Rc4 38. Bf6 {And now Rb8+ would win.} Rc8 39. Rb7 Kg8 40. Ra3 Rdc1 41. Raa7 R1c7 42. Rxc7 Nxc7 $11 {[%mdl 4096] Endgame KRB-KRN} 43. Kh4 Nd5 44. Ba1 Kf8 45. g4 Rc4 46. f3 hxg4 47. fxg4 {[#]} Ne3 (47... f5 $1 $19 48. Kg3 Rxg4+ 49. Kf3 Ke8) 48. Bf6 {Ra8+ would kill now.} Rxg4+ 49. Kh3 {[%cal Ra7a8]} Re4 50. Ra8+ Re8 51. Bg7+ (51. Ra5 $17 {was called for.}) 51... Ke7 $19 52. Ra7+ Ke6 53. Ra6+ Kd5 54. Ra5+ {[#]} (54. Rf6 $17 {was worth a try.}) 54... Ke4 $1 55. Ra7 f5 56. Ra6 $2 (56. Kh4) 56... g5 {Precision: White = 54%, Black = 64%.} 0-1

[Event "41st Eastman Open Ghent"]
[Site "Ghent"]
[Date "2018.07.17"]
[Round "8"]
[White "Stone, Andrew"]
[Black "Vermaat, Marcel"]
[Result "0-1"]
[WhiteElo "2157"]
[BlackElo "2138"]
[Annotator "TA"]
[PlyCount "55"]
[EventDate "2018.07.15"]
[EventCountry "BEL"]
[SourceTitle "playchess.com"]
[Source "ChessBase"]
[SourceQuality "1"]

{[%evp 18,55,59,26,26,31,22,-61,-48,-79,-79,-77,-78,-126,-124,-126,-122,-131,-115,-266,-158,-199,-187,-281,-302,-325,-233,-307,-299,-283,-285,-291,-293,-296,-277,-574,-563,-713,-704,-1013]} 1. c4 Nf6 2. Nc3 g6 3. g3 Bg7 4. Bg2 O-O 5. d4 d6 6. Nf3 Nbd7 7. O-O a6 8. Qc2 Rb8 9. a4 c5 10. Rd1 {LiveBook: 3 Partien} cxd4 {E67: Königsindisch (Hauptvariante des g3-Systems ohne e2-e4)} (10... Qc7 11. d5 b6 12. e4 e5 13. dxe6 fxe6 14. Qd3 Ne8 15. Bf4 Ne5 16. Bxe5 Bxe5 17. Nxe5 dxe5 18. Bh3 {1-0 (35) Gasthofer,A (2441)-Grimberg,B (2366) playchess.com INT 2009}) 11. Nxd4 Qc7 12. Nd5 $146 (12. b3 $11) ({Vorgänger:} 12. b3 e5 13. Nf3 b5 14. axb5 axb5 15. cxb5 d5 16. Ba3 Re8 17. e3 Ne4 18. Rac1 Nxc3 19. Qxc3 Qxc3 20. Rxc3 {½-½ (27) Germann,J (2187)-Fediv,A (2168) ICCF email 2015}) 12... Nxd5 $15 {Schwarz steht etwas besser.} 13. cxd5 Qxc2 14. Nxc2 Nc5 {[%cal Bd7c5,Bc5a4,Ba4c3,Bc3e2,Be2c1][%mdl 32]} 15. Ra3 Bd7 16. a5 Ba4 17. Rd2 Rfc8 {zielt auf ...Sb3 ab.} 18. Na1 $2 {[#]} (18. Nd4 $17) 18... Bd7 (18... b6 $19 19. b3 {[#]} Nd3 $1 {[%mdl 512]} 20. bxa4 Nxc1) 19. Rc2 Na4 20. b3 (20. Be4 {war nötig.}) 20... Nc3 $19 21. Bg5 Rc7 22. Bxe7 Bb5 23. Bxd6 Nxe2+ 24. Kh1 Rxc2 25. Nxc2 Rc8 26. Ra2 $2 (26. Ne3 Rc1+ 27. Bf1) 26... Nc1 27. Bh3 f5 28. Ra1 {Precision: Weiß = 23%, Schwarz = 75%.} 0-1

[Event "41st Eastman Open Ghent"]
[Site "Ghent"]
[Date "2018.07.17"]
[Round "8"]
[White "Muradet Casadevall, Albert"]
[Black "James, David J"]
[Result "1/2-1/2"]
[WhiteElo "2148"]
[BlackElo "2122"]
[Annotator "TA"]
[PlyCount "41"]
[EventDate "2018.07.15"]
[EventCountry "BEL"]
[SourceTitle "playchess.com"]
[Source "ChessBase"]
[SourceQuality "1"]

{[%evp 25,41,0,0,-7,-7,0,0,-36,-21,-23,-20,-39,-41,-50,-43,-48,-48,-70]} 1. e4 c5 2. c3 d5 3. exd5 Qxd5 4. d4 Nc6 5. Nf3 Bg4 6. Be2 cxd4 7. cxd4 e6 8. O-O Nf6 9. Nc3 Qa5 10. a3 Bd6 11. h3 Bh5 12. Be3 O-O 13. Qb3 {B22: Sicilian: 2 c3} Ne7 {LiveBook: 11 Games} 14. Qb5 Qxb5 15. Nxb5 {The position is equal.} Bb8 {[#]} 16. Bg5 $146 ({Predecessor:} 16. Rac1 Nfd5 17. g4 Bg6 18. Nh4 {½-½ (18) Vysochin,S (2519)-Shishkin,V (2493) St Petersburg 2008}) 16... Nfd5 17. Bxe7 Nxe7 18. g4 Bg6 {Black is slightly better.} 19. Ne5 a6 20. Nc3 Ba7 21. Rfd1 1/2-1/2

[Event "41st Eastman Open Ghent"]
[Site "Ghent"]
[Date "2018.07.17"]
[Round "8"]
[White "Lacrosse, Marc"]
[Black "Froeyman, Helmut"]
[Result "0-1"]
[WhiteElo "2129"]
[BlackElo "2290"]
[Annotator "TA"]
[PlyCount "110"]
[EventDate "2018.07.15"]
[EventCountry "BEL"]
[SourceTitle "playchess.com"]
[Source "ChessBase"]
[SourceQuality "1"]

{[%evp 23,110,29,21,5,20,20,25,-9,-4,-8,12,0,0,0,0,-12,-10,-40,-35,-60,-54,-54,-45,-58,-47,-72,-62,-55,-22,-51,-25,-36,-41,-97,-89,-89,-88,-98,-99,-91,-51,-43,-51,-72,-75,-73,-34,-43,-34,-106,-77,-104,-86,-208,-210,-265,-256,-256,-237,-220,-14,-22,0,0,0,0,0,0,0,0,0,0,0,0,0,0,0,0,0,0,0,0,0,0,0,0,0,0,0]} 1. d4 f5 2. g3 Nf6 3. Bg2 e6 4. c4 d5 5. Nh3 c6 6. Qc2 Bd6 7. O-O O-O 8. Bf4 Be7 9. Nd2 h6 10. Bxb8 Rxb8 11. Nf4 Bd6 {A90: Dutch Defence: Miscellaneous and Modern Stonewall (with ...Bd6)} 12. Ng6 Rf7 {LiveBook: 3 Games} 13. Nf3 b6 14. Rac1 Rc7 {[#]} 15. c5 $146 ({Predecessor:} 15. Nfe5 Ba6 16. b3 Rbc8 17. c5 bxc5 18. dxc5 Bxe5 19. Nxe5 {1-0 (53) Giuliani,S (2630)-Gouw,C (2591) ICCF email 2009}) 15... bxc5 16. dxc5 Bf8 17. Rfd1 (17. Qc3 {feels hotter.} Ne4 18. Qa3 Ng5 19. Nfh4 Nf7 20. f4) 17... Qe8 18. Nxf8 Qxf8 19. Ne5 Nd7 $36 {[%mdl 2048] Black fights for an advantage.} 20. Qc3 Qf6 21. Nxd7 Qxc3 22. Rxc3 Rxd7 23. b3 Kf7 24. e3 a5 25. Rd4 Rb4 26. f4 Ra7 27. Kf2 Ba6 28. Bf1 ({Better is} 28. Bf3 $15) 28... Bxf1 $17 29. Kxf1 {[%mdl 4096] Endgame KRR-KRR} Kf6 30. Ke2 g5 31. Kd3 e5 32. fxe5+ Kxe5 33. Rc2 Re7 34. Rf2 Rb5 35. Rc2 Kf6 36. Rc3 (36. h4 $15) 36... Rb4 37. a3 Rxd4+ 38. exd4 {KR-KR} (38. Kxd4 $17 {was the only chance.} Re4+ 39. Kd3) 38... f4 $19 39. g4 {[#]} h5 $1 {[%mdl 512]} 40. h3 (40. gxh5 g4) 40... hxg4 41. hxg4 Ke6 $2 ({Black should try} 41... a4 $19 {aiming for ...Re3+.} 42. bxa4 Re3+ 43. Kd2 Rxc3 44. Kxc3 Ke7) 42. Rc2 $1 $11 {The position is equal.} Kd7 {Strongly threatening ...Re3+.} (42... f3 {is interesting.} 43. Rf2 Rf7 44. Ke3 Rf4 45. Rxf3 Rxg4 46. Rh3 Rg1) 43. Re2 Rxe2 44. Kxe2 {KP-KP} a4 45. b4 $1 ({But not} 45. bxa4 $2 Kc7 $19) 45... Kc7 46. Kd3 Kb7 47. Kc3 Ka7 48. Kc2 Ka6 49. Kc3 Kb5 50. Kd3 f3 51. Ke3 Kc4 52. Kxf3 Kxd4 53. Ke2 Kc4 54. Kd2 Kd4 55. Ke2 Kc4 {[%mdl 32768] Precision: White = 55%, Black = 70%. . Sensor Board Error (Ke4/e5)?} 0-1

[Event "41st Eastman Open Ghent"]
[Site "Ghent"]
[Date "2018.07.17"]
[Round "8"]
[White "Feelders, Ad"]
[Black "Lammens, Tim"]
[Result "0-1"]
[WhiteElo "2020"]
[BlackElo "2293"]
[Annotator "TA"]
[PlyCount "76"]
[EventDate "2018.07.15"]
[EventCountry "BEL"]
[SourceTitle "playchess.com"]
[Source "ChessBase"]
[SourceQuality "1"]

{[%evp 21,76,18,31,33,46,16,10,-34,-45,-88,-68,-73,-79,-76,-77,-74,-66,-77,-76,-93,-66,-137,-122,-133,-133,-144,-147,-177,-134,-163,-109,-136,-116,-185,-197,-197,-205,-197,-200,-210,-178,-300,-254,-256,-257,-224,-171,-418,-245,-264,-246,-410,-191,-199,-216,-889,-894]} 1. e4 c5 2. c3 d5 3. exd5 Qxd5 4. d4 g6 5. Nf3 Bg7 6. Na3 cxd4 7. Bc4 {B06: Modern Defence} Qe4+ 8. Be3 Nh6 9. cxd4 O-O 10. Nb5 Nc6 (10... Nf5 11. Qe2 Nc6 12. O-O Nd6 13. Nc3 Qf5 14. Bb3 Qh5 {½-½ (46) Navara,D (2726)-Guseinov,G (2647) Antalya 2017}) 11. Nc3 Qg4 {LiveBook: 11 Games} 12. h3 Qh5 13. Be2 $146 ({Predecessor:} 13. d5 Ne5 14. Nxe5 Qxe5 {½-½ (110) Pavasovic,D (2562)-Bromberger,S (2519) Austria 2010}) 13... Qa5 14. O-O Nf5 15. a3 Rd8 {[%cal Rc6d4]} 16. b4 Qb6 {[%cal Rc6d4]} 17. Na4 Qc7 {[%cal Rf5d4]} 18. Rc1 Qd6 {[%cal Rc6d4]} 19. Bc4 Ncxd4 20. Nxd4 Nxd4 21. Bxd4 (21. Re1 $15) 21... Bxd4 $17 ({Don't do} 21... Qxd4 22. Qf3 $15) 22. Qb3 Qf6 23. Nc3 e6 24. Nb5 Bb6 25. Rcd1 a6 (25... Bd7 $19 26. Nd6 Bc6) 26. Nd6 Bd4 27. Nxc8 (27. Qg3 $17) 27... Raxc8 $19 28. a4 Qh4 {[#] And now ...Rxc4! would win.} 29. Rd3 Kg7 30. Kh1 Rd6 {[%cal Bd8d6,Bd6c6,Bc6c3][%mdl 32] Strongly threatening ...Rdc6.} 31. Rf3 (31. f4 $142) 31... Rdc6 32. Bd3 Rc3 33. Qa2 Be5 34. b5 $2 {[#]} (34. Qe2 {was called for.} Qd4 35. g3) 34... a5 (34... Rxd3 $142 $1 {[%mdl 512]} 35. Rxd3 Qf4) 35. Qe2 R8c5 $40 {[%mdl 128] Black has strong attack.} 36. Be4 $2 (36. Re3 {keeps fighting.} Qd4 37. Re4 Qxd3 38. Rxe5) 36... b6 (36... Rc1 $142 37. Re3 f5) 37. Rxc3 Rxc3 38. Bf3 $2 (38. Rd1) 38... Qf4 {Precision: White = 39%, Black = 66%.} 0-1

[Event "41st Eastman Open Ghent"]
[Site "Ghent"]
[Date "2018.07.18"]
[Round "9"]
[White "Moradiabadi, Elshan"]
[Black "Michiels, Bart"]
[Result "1/2-1/2"]
[WhiteElo "2538"]
[BlackElo "2554"]
[Annotator "TA"]
[PlyCount "74"]
[EventDate "2018.07.15"]
[EventCountry "BEL"]
[SourceTitle "playchess.com"]
[Source "ChessBase"]
[SourceQuality "1"]

{[%evp 16,74,10,16,18,18,18,5,0,1,8,0,0,0,8,9,11,9,25,16,19,11,36,14,29,33,35,3,20,27,21,10,9,11,14,7,8,0,41,43,37,0,79,52,48,50,76,67,81,66,67,56,87,75,146,125,141,0,118,0,123]} 1. d4 e6 2. c4 d5 3. Nc3 Be7 4. cxd5 exd5 5. Bf4 Nf6 6. e3 Bf5 7. Nge2 c6 8. Ng3 {D31: Damengambit (Halbslawisch)} Bg6 9. Bd3 {LiveBook: 9 Partien} (9. h4 h5 10. Bd3 Bxd3 11. Qxd3 g6 12. O-O-O Na6 13. f3 Qd7 14. Kb1 O-O 15. Be5 Qe6 {1-0 (36) Wang,Y (2723)-Xu,Y (2527) Shenzhen 2016}) 9... Bd6 10. Bxd6 Qxd6 11. Nf5 Bxf5 12. Bxf5 Nbd7 13. Qf3 $146 ({Vorgänger:} 13. O-O O-O 14. Qc2 Rfe8 15. Rfe1 g6 {½-½ (62) Sandipan,C (2618)-Schroeder,J (2311) Pardubice 2012}) 13... O-O 14. O-O Nb6 15. Bd3 Rae8 16. Rab1 Qe7 (16... a6 {seems wilder.} 17. b3 Re7 18. Rfc1 g6 19. Qd1 Ne4) 17. b4 Ne4 18. Bxe4 dxe4 19. Qf5 g6 20. Qc5 f5 {[%cal Bf7f5,Bf5f4][%mdl 32]} 21. g3 g5 22. Qxe7 Rxe7 23. b5 f4 24. bxc6 bxc6 25. Rb4 Rf5 26. Re1 f3 27. Rc1 Ra5 28. Rb2 Re6 (28... c5 $1 $11 {hält das Gleichgewicht.}) 29. Nb1 g4 30. Nd2 $36 {[%mdl 2048] Weiss kämpft um Vorteil.} h5 31. Nb3 Ra3 32. Rc5 Nd5 33. h4 gxh3 34. Kh2 Rf6 (34... Kg7 $142) 35. Nd2 {[%mdl 1024] Weiss hat starke Kompensation.} Re6 36. Nb3 Rf6 $1 37. Nd2 Re6 {Precision: Weiß = 49%, Schwarz = 54%.} 1/2-1/2

[Event "41st Eastman Open Ghent"]
[Site "Ghent"]
[Date "2018.07.18"]
[Round "9"]
[White "Malakhatko, Vadim"]
[Black "Sarrau, Jelle"]
[Result "1/2-1/2"]
[WhiteElo "2499"]
[BlackElo "2366"]
[Annotator "TA"]
[PlyCount "94"]
[EventDate "2018.07.15"]
[EventCountry "BEL"]
[SourceTitle "playchess.com"]
[Source "ChessBase"]
[SourceQuality "1"]

{[%evp 19,94,0,0,0,0,0,-4,0,0,0,0,0,0,-17,-15,-25,0,0,0,0,0,0,22,33,27,35,19,3,10,6,25,0,6,-13,0,0,0,0,0,0,0,0,0,0,0,-27,-22,-40,0,0,0,0,0,0,0,0,0,2,11,8,10,11,12,0,13,0,4,0,0,0,8,0,0,0,0,0,0]} 1. c4 Nf6 2. d4 e6 3. Nf3 d5 4. g3 dxc4 5. Bg2 a6 6. O-O Nc6 7. e3 Rb8 8. Qe2 {E04: Open Catalan: 5 Nf3} b5 9. a4 (9. b3 cxb3 10. axb3 Bd6 11. Rd1 Qe7 12. Bb2 O-O 13. Rc1 Bb7 14. Ne5 Nb4 15. Bxb7 Rxb7 {1-0 (52) So,W (2778)-Mamedyarov,S (2808) Leuven 2018}) 9... Be7 10. axb5 axb5 {LiveBook: 4 Games} 11. b3 $146 ({Predecessor:} 11. Nc3 O-O 12. Rd1 Nd5 13. e4 Nxc3 14. bxc3 Re8 15. Qc2 Bf6 {0-1 (61) Samhouri,A (2355)-Potkin,V (2574) Riadh 2017}) 11... cxb3 12. Nbd2 O-O 13. Nxb3 Bb7 14. Bb2 Nb4 15. Rfc1 $1 Bd5 16. Nfd2 Bxg2 17. Kxg2 Rb6 18. e4 Nd7 19. Ra5 Qb8 20. Ba3 {Hoping for Nc5.} Nc6 {[#]} 21. Rxc6 $1 {[%mdl 512]} b4 $1 (21... Rxc6 22. Bxe7) 22. Bxb4 Bxb4 23. Ra6 Bxd2 24. Nxd2 Rb2 {[#] Strongly threatening ...Qb4.} 25. Ra3 Nf6 26. Rd3 h6 27. Qf3 Qb7 28. Rc1 Ra8 29. Nc4 Rb1 30. Rxb1 Qxb1 31. Nd2 Qb4 32. Qe3 Ra2 33. h3 Qa5 34. Nb3 {The position is equal.} Qb6 35. Nc5 Qb2 36. Rb3 Qc2 37. Rc3 Qb1 {White must now prevent ...Ra1.} 38. Qc1 Qb5 39. Rc2 Ra8 40. Rb2 Qc6 41. Qf4 Rd8 42. Qe3 Ra8 43. Qf3 Rd8 44. Qe3 Ra8 45. Kh2 Nd7 46. Nxd7 Qxd7 47. Rc2 Ra4 {Precision: White = 50%, Black = 60%.} 1/2-1/2

[Event "41st Eastman Open Ghent"]
[Site "Ghent"]
[Date "2018.07.18"]
[Round "9"]
[White "Docx, Stefan"]
[Black "Epishin, Vladimir"]
[Result "1/2-1/2"]
[WhiteElo "2444"]
[BlackElo "2541"]
[Annotator "TA"]
[PlyCount "36"]
[EventDate "2018.07.15"]
[EventCountry "BEL"]
[SourceTitle "playchess.com"]
[Source "ChessBase"]
[SourceQuality "1"]

{[%evp 16,36,60,66,73,60,91,86,83,47,59,-10,-6,-20,-12,-10,0,0,0,-14,0,0,0]} 1. d4 Nf6 2. c4 e6 3. Nc3 Bb4 4. Qc2 d6 5. Bg5 Nbd7 6. e3 O-O 7. Bd3 {E32: Nimzo-Indian: Classical (4 Qc2): 4...0-0} h6 8. Bh4 c5 9. Nge2 {LiveBook: 6 Games. White is slightly better.} cxd4 10. exd4 b6 11. O-O Bb7 {[%cal Bc8b7,Bb7d5,Bd5c4][%mdl 32]} 12. Na4 $146 ({Predecessor:} 12. a3 Bxc3 13. Nxc3 Qc7 14. b4 Ba6 {1-0 (34) Seirawan,Y (2595)-Tal,M (2630) Brussels 1988}) 12... d5 13. cxd5 (13. c5 $14 bxc5 14. a3) 13... Bxd5 $11 {The position is equal.} 14. Rac1 Rc8 ({Avoid the trap} 14... Bxa2 $2 15. b3 $18) 15. Nac3 Bxc3 16. Nxc3 Bc4 17. Bg3 a5 18. a3 Re8 1/2-1/2